INTRODUCTION TO ARTIFICIAL INTELLIGENCE AND EXPERT SYSTEM (Record no. 5343)

MARC details
000 -LEADER
fixed length control field 00399nam a22001577a 4500
005 - DATE AND TIME OF LATEST TRANSACTION
control field 20210714110854.0
008 - FIXED-LENGTH DATA ELEMENTS--GENERAL INFORMATION
fixed length control field 170330b xxu||||| |||| 00| 0 eng d
020 ## - INTERNATIONAL STANDARD BOOK NUMBER
ISBN 978-81-203-0777-3
041 ## - LANGUAGE CODE
Language code of text/sound track or separate title eng
100 ## - MAIN ENTRY--AUTHOR NAME
Personal name PATTERSON,DANW
245 ## - TITLE STATEMENT
Title INTRODUCTION TO ARTIFICIAL INTELLIGENCE AND EXPERT SYSTEM
260 ## - PUBLICATION, DISTRIBUTION, ETC. (IMPRINT)
Name of publisher PHI LEARNING
Year of publication 1980
300 ## - PHYSICAL DESCRIPTION
Number of Pages 275
650 ## - SUBJECT ADDED ENTRY--TOPICAL TERM
Topical Term IT
942 ## - ADDED ENTRY ELEMENTS (KOHA)
Koha item type Books
Holdings
Lost status Damaged status Home library Current library Shelving location Date acquired Source of acquisition Cost, normal purchase price Accession Number Koha item type
    JRU Library   SHELF-6-E 29/03/2017 PURCHASE 310.00 21512 Books